Statistiques concernant Sous l'océan - La petite sirène [Paroles entières]

Cliquez ici pour prendre le quiz!

Statistiques générales

  • Ce quiz a été pris 136 fois
  • Le résultat moyen est 228 sur 354

Statistiques - réponses

X Paroles % Correct
sous
97%
Sous
97%
sous
97%
l'océan
96%
ChansonLe
94%
la
94%
la
94%
La
94%
le
94%
A
91%
a
91%
est
91%
de
91%
d'à
90%
dans
87%
te
85%
les
85%
Les
85%
C'est
84%
mon
84%
c'est
84%
bien
83%
tu
82%
Tu
82%
vie
82%
Il
82%
plus
81%
mer
81%
sur
81%
ça
80%
se
80%
On
80%
on
80%
Ca
80%
terre
80%
que
80%
toujours
80%
qui
79%
côté
78%
pas
78%
mieux
78%
et
77%
Et
77%
poisson
77%
Ils
76%
ils
76%
des
76%
vert
75%
monde
73%
Tout
72%
roseau
72%
Pour
70%
pour
70%
DialogueAriel
70%
vivre
70%
marais
69%
Là-haut
68%
fait
68%
tous
68%
bonjour
68%
calamité
68%
Je
68%
là-haut
68%
sont
68%
Toi
67%
jours
66%
parfumé
65%
heureux
64%
leur
63%
Regarde
63%
t'entoure
61%
toute
61%
ont
60%
journée
59%
carnaval
59%
Y'a
58%
trouver
58%
y'a
58%
dis
57%
Nous
57%
nous
57%
comme
57%
qu'ils
57%
t'aimerais
57%
raie
56%
un
56%
qu'on
56%
chez
55%
pourras
55%
Si
55%
Chez
55%
bocal
55%
Pendant
54%
plonge
53%
poissons
53%
pagaille
53%
poêle
53%
prisonniers
53%
éponges
52%
bulles
52%
non
52%
esclavages
52%
humains
52%
finira
51%
doudou
50%
dit
50%
Doudou
50%
bossent
49%
copains
48%
lancés
47%
soupe
46%
reggae
46%
d'hameçon
46%
vois
45%
n'est
45%
au
45%
sage
44%
tourner
44%
vrai
43%
cannibales
43%
marmiton
42%
Oh
42%
leurs
42%
régal
42%
flippent
41%
vagues
41%
dynamite
41%
pipe
40%
tambouille
40%
l'esturgeon
40%
s'écaillent
39%
monsieur
38%
fendent
37%
l'extase
36%
déambule
36%
rythme
35%
en
34%
écoute-moi
34%
du
34%
dire
31%
faut
31%
court-bouillon
31%
joue
30%
super
29%
basse
28%
rascasse
28%
une
26%
harpe
25%
ton
25%
rap
23%
dieu
23%
aux
22%
souffle
22%
thon
21%
carpe
21%
bar
20%
rois
19%
Vas-y
19%
soul
19%
saxo
19%
violon
18%
Quand
18%
balance
17%
fantastique
17%
garde
17%
limaces
17%
certain
17%
sable
16%
triton
15%
mers
15%
swingue
15%
sardine
15%
lieu
15%
rock'n'roll
14%
bigornaux
14%
d'enfer
14%
faire
13%
frénétique
12%
tempo
12%
donner
12%
Ouais
11%
jazz-band
11%
marrent
10%
transe
10%
djembés
9%
s'éclatent
8%
soles
8%
flûtiau
7%
bongos
7%
beguine
6%
sprat
6%
clim-clams
6%
Maquereaux
6%
begin
6%
gardon
6%
the
6%
gym-jam
5%
turbot
5%

Distribution des résultats

Percentile par nombre de réponses

% des personnes avec chaque résultat

Votre développement - résultats

Vous n’avez pas pris ce quiz